Надежда. Вып. 3 (Запись № 13636031)
[ простой вид ]
| 000 -МАРКЕР | |
|---|---|
| контрольное поле | 01411nam2a2200265 4500 |
| 001 - ИДЕНТИФИКАТОР ЗАПИСИ | |
| контрольное поле | RU\NLR\BIBL_A\022732564 |
| 005 - ИДЕНТИФИКАТОР ВЕРСИИ | |
| контрольное поле | 20260327140042.0 |
| 010 ## - МЕЖДУНАРОДНЫЙ СТАНДАРТНЫЙ НОМЕР КНИГИ (ISBN) | |
| Номер (ISBN) | 978-5-907493-98-8 |
| Тираж | 200 |
| 021 ## - НОМЕР ГОСУДАРСТВЕННОЙ РЕГИСТРАЦИИ | |
| Код страны | Российская Федерация |
| Номер | КН-П-25-081202 |
| Номер Листа государственной регистраци | КН-П-25-7864 |
| 035 ## - ДРУГИЕ СИСТЕМНЫЕ НОМЕРА | |
| Идентификатор записи | (NLR Aleph) 022732564 |
| 100 ## - ДАННЫЕ ОБЩЕЙ ОБРАБОТКИ | |
| Данные общей обработки | 20260219d2025 u y0rusy50 ca |
| 101 0# - ЯЗЫК РЕСУРСА | |
| Язык текста, звукозаписи и т.д. | русский |
| 102 ## - СТРАНА ПУБЛИКАЦИИ ИЛИ ПРОИЗВОДСТВА | |
| Страна публикации | Российская Федерация |
| 105 ## - ПОЛЕ КОДИРОВАННЫХ ДАННЫХ: ТЕКСТОВЫЕ МАТЕРИАЛЫ, МОНОГРАФИЧЕСКИЕ | |
| Кодированные данные о монографическом текстовом документе | acbhj 010yy |
| 200 0# - ЗАГЛАВИЕ И СВЕДЕНИЯ ОБ ОТВЕТСТВЕННОСТИ | |
| Основное заглавие | Вып. 3 |
| Сведения, относящиеся к заглавию | для курсов русского языка как иностранного (B2-C1) |
| Обозначение и номер части | [Цикл 1] |
| Наименование части | Экология планеты |
| 210 ## - ПУБЛИКАЦИЯ, РАСПРОСТРАНЕНИЕ И ДР. | |
| Дата издания, распространения и т.д. | 2025 |
| 215 ## - ФИЗИЧЕСКАЯ ХАРАКТЕРИСТИКА | |
| Специфическое обозначение материала и объем | 162, [1] с. |
| Другие сведения о физической характеристике | ил., цв. ил., карты, факс., портр., табл. |
| 300 ## - ОБЩИЕ ПРИМЕЧАНИЯ | |
| Текст примечания | Доп. информ. в ссылках QR-кодов кн. |
| 300 ## - ОБЩИЕ ПРИМЕЧАНИЯ | |
| Текст примечания | На тит. с.: Златоуст. Нам 35 лет! |
| 461 #0 - УРОВЕНЬ НАБОРА | |
| Встроенное поле | 001RU\NLR\BIBL_A\022732562 |
| -- | 2001#$aНадежда$eучебное пособие$fИрина Костина, Тамара Корнилова, Анна Голубева$vВып. 3 |
| -- | 700#1$aКостина$bИ. С.$gИрина Сергеевна |
| Системный номер (АБИС) связанной записи | 13647340 |
| Автор | Костина, И. С. |
| Место публикации | Санкт-Петербург |
| Дата публикации | 2021- |
| Первые сведения об ответственности | Ирина Костина, Тамара Корнилова, Анна Голубева |
| Имя издателя, распространителя и т.д. | Златоуст |
| Сведения, относящиеся к заглавию | учебное пособие |
| Заглавие | Надежда |
| Номер тома | Вып. 3 |
| 942 ## - ДОПОЛНИТЕЛЬНЫЕ ЭЛЕМЕНТЫ ЗАПИСИ (АБИС) | |
| Тип экземпляра АБИС | Книга |
| 980 ## - КОЛЛЕКЦИЯ | |
| Название коллекции | Национальная библиография |
Нет доступных экземпляров.